000 01000nam a22003258i 4500
999 _c1555
_d1555
001 020923032
003 UkOxU
005 20230112103941.0
008 170104s2017 enka j 000|f|eng|d
015 _aGBB731425
_2bnb
016 7 _a018246430
_2Uk
020 _a9780008174897 (pbk.) :
035 _a(Uk)018246430
035 _a(StEdALDL)1/3551898
040 _aStDuBDS
_beng
_erda
_cStDuBDS
_dKH8
049 _aCROBAR
082 0 4 _a823.92 WAL
_223
100 1 _aWalliams, David,
_d1971-
_eauthor.
245 1 4 _aThe bear who went boo! /
_cDavid Walliams ; illustrated by Tony Ross.
263 _a201705
264 1 _aLondon :
_bHarperCollins Children's Books,
_c2017.
300 _a1 volume :
_bchiefly illustrations (colour) ;
_c27 cm
336 _atext
_2rdacontent
336 _astill image
_2rdacontent
337 _aunmediated
_2rdamedia
338 _avolume
_2rdacarrier
655 7 _aChildren's stories
_vPictorial works
_2gsafd
700 1 _aRoss, Tony,
_eartist.
942 _2ddc
_cNFIC